Aventuras de un naturalista en Méjico / (Record no. 152073)
[ view plain ]
| 000 -LEADER | |
|---|---|
| campo de control de longitud fija | 00894nam a2200229 i 4500 |
| 001 - NÚMERO DE CONTROL | |
| campo de control | 152073 |
| 003 - IDENTIFICADOR DE NÚMERO DE CONTROL | |
| campo de control | ES-MaACL |
| 005 - FECHA Y HORA DE LA ÚLTIMA TRANSACCIÓN | |
| campo de control | 20230906204524.0 |
| 008 - DATOS DE LONGITUD FIJA--INFORMACIÓN GENERAL | |
| campo de control de longitud fija | 931025s1869 sp |||| | spa d |
| 080 ## - NÚMERO DE LA CLASIFICACIÓN DECIMAL UNIVERSAL | |
| Número de la Clasificación Decimal Universal | 910.4:502(72) |
| 100 1# - ENTRADA PRINCIPAL--NOMBRE DE PERSONA | |
| Nombre de persona | Biart, Lucien. |
| 9 (RLIN) | 28758 |
| 245 10 - MENCIÓN DEL TÍTULO | |
| Título | Aventuras de un naturalista en Méjico / |
| Mención de responsabilidad, etc. | por Lucien Biart ; traducción de F. N. |
| 260 ## - PUBLICACIÓN, DISTRIBUCIÓN, ETC. | |
| Lugar de publicación, distribución, etc. | Madrid : |
| Nombre del editor, distribuidor, etc. | Biblioteca Económica de Instrucción y Recreo : Libreria de Cuesta, |
| Fecha de publicación, distribución, etc. | 1869. |
| 300 ## - DESCRIPCIÓN FÍSICA | |
| Extensión | 240, 236 p. ; |
| Dimensiones | 18 cm. |
| 597 ## - NOTA DE DESCRIPCIÓN FÍSICA | |
| NOTA DE DESCRIPCIÓN FÍSICA | Segunda paginación con port. propia. |
| 650 #4 - PUNTO DE ACCESO ADICIONAL DE MATERIA--TÉRMINO DE MATERIA | |
| Término de materia o nombre geográfico como elemento de entrada | Expediciones cientíicas- |
| Subdivisión geográfica | México. |
| 9 (RLIN) | 146834 |
| 650 #4 - PUNTO DE ACCESO ADICIONAL DE MATERIA--TÉRMINO DE MATERIA | |
| Término de materia o nombre geográfico como elemento de entrada | Naturaleza- |
| Subdivisión geográfica | México. |
| 9 (RLIN) | 146835 |
| 700 0# - ENTRADA AGREGADA--NOMBRE PERSONAL | |
| Nombre de persona | F. N. |
| 9 (RLIN) | 48488 |
| 852 ## - LOCALIZACIÓN | |
| Ubicación | ES-MaACL |
| Número de control de estantería | D-3110 |
| Nota libre | -- Enc. hol. |
| 856 ## - LOCALIZACIÓN Y ACCESO ELECTRÓNICOS | |
| Identificador Uniforme de Recursos | <a href="http://bibliotecadigitalhispanica.bne.es:80/webclient/DeliveryManager?pid=1848269&custom_att_2=simple_viewer">http://bibliotecadigitalhispanica.bne.es:80/webclient/DeliveryManager?pid=1848269&custom_att_2=simple_viewer</a> |
| Nota pública | Ir a la página |
| Estatus retirado | Estado de pérdida | Estado de daño | No para préstamo | Colección | Biblioteca de origen | Biblioteca actual | Ubicación en estantería | Fecha de adquisición | Fuente de adquisición | Total de préstamos | Signatura topográfica completa | Código de barras | Visto por última vez | Precio de reemplazo | Tipo de ítem Koha |
|---|---|---|---|---|---|---|---|---|---|---|---|---|---|---|---|
| Colección digital | Biblioteca del Ateneo de Madrid | Biblioteca del Ateneo de Madrid | Sala Valle Inclán | 17/01/2008 | D-3110 | 901158740 | 23/02/2023 | 23/02/2023 | Libro impreso antiguo |
